Applied differential equations: The primary course (Record no. 17470)

MARC details
000 -LEADER
fixed length control field 00478nam a2200169Ia 4500
008 - FIXED-LENGTH DATA ELEMENTS--GENERAL INFORMATION
fixed length control field 230917s9999||||xx |||||||||||||| ||und||
020 ## - ISBN
Price GBP49.99
040 ## - CATALOGING SOURCE
-- 229819
Original cataloging agency VIVEKANANDA LIBRARY
041 ## - Language
-- English
082 ## - DDC NUMBER
Classification number 515.35 D656A
100 ## - MAIN ENTRY--PERSONAL NAME
Personal name Dobrushkin, Vladimar A
245 #0 - TITLE STATEMENT
Title Applied differential equations: The primary course
260 ## - PUBLICATION, DISTRIBUTION, ETC. (IMPRINT)
Place of publication, distribution, etc Boca Roton
Name of publisher, distributor, etc CRC Press
Date of publication, distribution, etc 2015
300 ## - PHYSICAL DESCRIPTION
Pages xvi, 715 p.
500 ## - GENERAL NOTE
General note 2261 21/01/2016 UBC15/7426 21/01/2016 Main Budget
942 ## - ADDED ENTRY ELEMENTS (KOHA)
Koha item type Books
Holdings
Withdrawn status Lost status Damaged status Not for loan Location (home branch) Sublocation or collection (holding branch) Date acquired Koha issues (times borrowed) Koha full call number Accession No. Koha date last seen Koha item type Shelving location
        VIVEKANANDA LIBRARY VIVEKANANDA LIBRARY 13/03/2016   515.35 D656A 356606 17/09/2023 Books  
        VIVEKANANDA LIBRARY VIVEKANANDA LIBRARY 13/03/2016   515.35 D656A 356849 17/09/2023 Books UIET Library
© Designed and Maintained by Vivekananda Library, MDU Rohtak